[Event "European Blitz Championship 2021"]
[Site "Katowice"]
[Date "2021.12.17"]
[Round "16.18"]
[White "Zakrzewski, Marek"]
[Black "Budzisz, Adrian"]
[Result "0-1"]
[WhiteElo "2279"]
[BlackElo "1985"]
[Annotator "NA"]
[PlyCount "52"]
[EventDate "2021.12.17"]
[EventType "swiss"]
[EventCountry "POL"]
[SourceTitle "playchess.com"]
[Source "ChessBase"]
[SourceQuality "1"]

1. e4 c5 2. Nc3 e6 3. g3 d5 4. exd5 exd5 5. d4 cxd4 6. Qxd4 Nf6 7. Bg5 Nc6 8.
Bb5 Be7 9. O-O-O O-O 10. Qd2 a6 11. Ba4 b5 12. Bb3 d4 13. Bxf6 Bxf6 14. Nd5 Bb7
15. Ne2 Ne5 16. Qxd4 Rc8 17. Nef4 Ng4 18. Qd2 Bg5 19. Kb1 Bxd5 20. Bxd5 Qb6 21.
Rdf1 Rfd8 22. c3 Qc5 23. c4 bxc4 24. Rd1 Nxf2 25. Ne6 fxe6 26. Qxg5 Rxd5 0-1

[Event "European Blitz Championship 2021"]
[Site "Katowice"]
[Date "2021.12.17"]
[Round "16.18"]
[White "Ustianovich, Nazar"]
[Black "Motylev, Alexander"]
[Result "0-1"]
[WhiteElo "2278"]
[BlackElo "2633"]
[Annotator "RC"]
[PlyCount "124"]
[EventDate "2021.12.17"]
[EventType "swiss"]
[EventCountry "POL"]
[SourceTitle "playchess.com"]
[Source "ChessBase"]
[SourceQuality "1"]

1. d4 Nf6 2. Nf3 d5 3. c4 c6 4. Nc3 e6 5. e3 Nbd7 6. Qc2 b6 7. b3 Bb7 8. Be2
Be7 9. O-O O-O 10. Rd1 Rc8 11. Bb2 c5 12. dxc5 bxc5 13. Rac1 Qb6 14. Qb1 Rfd8
15. Rc2 Ne4 16. Nxe4 dxe4 17. Ne5 Nf8 18. Bh5 g6 19. Be2 h5 20. Rcd2 Qc7 21. h3
f6 22. Nxg6 Nxg6 23. Bxh5 Kg7 24. Bg4 Kf7 25. Qc1 Rxd2 26. Rxd2 Rd8 27. Qd1
Rxd2 28. Qxd2 Qd8 29. Qe1 f5 30. Bh5 Bf6 31. Ba3 Be7 32. Qc3 Bf6 33. Qe1 Kg7
34. Bxg6 Kxg6 35. Bxc5 a6 36. Bb4 Qd3 37. Bc5 Bc3 38. Qc1 Qd2 39. Qf1 Qxa2 40.
g4 Qa1 41. Qxa1 Bxa1 42. Kf1 Bc3 43. Ke2 Bc8 44. Be7 Kf7 45. Bc5 Bf6 46. f3
exf3+ 47. Kxf3 Bb7+ 48. Ke2 Bg2 49. gxf5 exf5 50. b4 Bxh3 51. b5 axb5 52. cxb5
Bg2 53. b6 Ke6 54. Kd3 Bb7 55. Kc4 Ba6+ 56. Kb4 Kd5 57. Ka5 Bb7 58. Bb4 Kc6 59.
Bd2 Bd8 60. Kb4 Bxb6 61. Kc4 Ba6+ 62. Kb3 Kd5 0-1

[Event "European Blitz Championship 2021"]
[Site "Katowice"]
[Date "2021.12.17"]
[Round "16.19"]
[White "Laurusas, Tomas"]
[Black "Kastelik, Adrian"]
[Result "1-0"]
[WhiteElo "2553"]
[BlackElo "2248"]
[Annotator "RC"]
[PlyCount "75"]
[EventDate "2021.12.17"]
[EventType "swiss"]
[EventCountry "POL"]
[SourceTitle "playchess.com"]
[Source "ChessBase"]
[SourceQuality "1"]

1. d4 d5 2. c4 c6 3. Nf3 Nf6 4. Nc3 dxc4 5. a4 Bf5 6. Nh4 Bd7 7. e4 e6 8. Bxc4
Nxe4 9. Nf3 Nf6 10. O-O c5 11. d5 Bd6 12. Nb5 Bxb5 13. Bxb5+ Kf8 14. dxe6 fxe6
15. Ng5 Qe7 16. Bc4 e5 17. Nf7 Nc6 18. Qxd6 Qxd6 19. Nxd6 Na5 20. Ba2 Ke7 21.
Nf5+ Kf8 22. Re1 Nc6 23. Bg5 h6 24. Bxf6 gxf6 25. Bd5 Rc8 26. Nd6 Rc7 27. Bxc6
bxc6 28. Rac1 Ke7 29. Ne4 Rb8 30. Re2 Rd7 31. Nxc5 Rd4 32. g3 h5 33. b3 Rd5 34.
Rc3 Rb4 35. h4 f5 36. Nd3 Re4 37. Rxe4 fxe4 38. Nc5 1-0

[Event "European Blitz Championship 2021"]
[Site "Katowice"]
[Date "2021.12.17"]
[Round "16.19"]
[White "Sotsky, Alexander"]
[Black "Wisniewski, Michal"]
[Result "0-1"]
[WhiteElo "2087"]
[BlackElo "2215"]
[Annotator "NA"]
[PlyCount "80"]
[EventDate "2021.12.17"]
[EventType "swiss"]
[EventCountry "POL"]
[SourceTitle "playchess.com"]
[Source "ChessBase"]
[SourceQuality "1"]

1. d4 Nf6 2. Bg5 c5 3. Nc3 cxd4 4. Qxd4 Nc6 5. Qh4 d6 6. O-O-O a6 7. e4 Qa5 8.
Bc4 Bd7 9. f4 h6 10. Bxf6 gxf6 11. Qg3 Rc8 12. Nge2 h5 13. Bb3 h4 14. Qf2 e6
15. Kb1 b5 16. Rhe1 Qc7 17. Nd5 exd5 18. exd5 Na5 19. Nd4+ Kd8 20. Re2 Nxb3 21.
axb3 Qc5 22. Re3 b4 23. Qe2 Qb6 24. Qf2 Kc7 25. Qe2 f5 26. c3 Kb7 27. c4 Bg7
28. Nf3 Rce8 29. Re7 Qd8 30. Re1 Bf6 31. Rxe8 Rxe8 32. Qf2 Rxe1+ 33. Qxe1 Qe7
34. Qxb4+ Ka7 35. Qa5 Bc8 36. Qa4 Qe2 37. Qa3 Qxg2 38. c5 Qxf3 39. cxd6 Qxd5
40. Qb4 Be6 0-1

[Event "European Blitz Championship 2021"]
[Site "Katowice"]
[Date "2021.12.17"]
[Round "16.20"]
[White "Bernadskiy, Vitaliy"]
[Black "Walter, Szymon"]
[Result "1/2-1/2"]
[WhiteElo "2592"]
[BlackElo "2277"]
[Annotator "RC"]
[PlyCount "148"]
[EventDate "2021.12.17"]
[EventType "swiss"]
[EventCountry "POL"]
[SourceTitle "playchess.com"]
[Source "ChessBase"]
[SourceQuality "1"]

1. e4 c5 2. Nc3 Nc6 3. f4 g6 4. Nf3 Bg7 5. a3 d6 6. Bc4 e6 7. O-O Nge7 8. d3
O-O 9. Ba2 Rb8 10. Qe1 b5 11. Qh4 Nd4 12. Nxd4 cxd4 13. Ne2 Nc6 14. Qxd8 Rxd8
15. Bd2 d5 16. e5 Bf8 17. Bb3 Bd7 18. g4 a5 19. a4 bxa4 20. Rxa4 Nb4 21. Rxa5
Nxd3 22. Nxd4 Nxb2 23. f5 Nc4 24. Bxc4 dxc4 25. fxg6 hxg6 26. Rfa1 Be8 27. Bc3
Be7 28. Kf2 Rbc8 29. Ke2 Bc5 30. Nf3 Bc6 31. h4 Be4 32. Ne1 Rd5 33. Ra8 Rxa8
34. Rxa8+ Kg7 35. Ra4 Bd4 36. Bxd4 Rxd4 37. Ke3 Rd1 38. Kxe4 Rxe1+ 39. Kf4 Rf1+
40. Ke4 Rg1 41. g5 Rg4+ 42. Kf3 Rxh4 43. Rb4 Rd4 44. Ra4 Rh4 45. Rb4 Rd4 46.
Ra4 Rh4 47. Rb4 Rh3+ 48. Ke2 Rc3 49. Kd2 Rg3 50. Rxc4 Rxg5 51. Re4 Rg2+ 52. Kd3
g5 53. c4 Kg6 54. c5 Rg3+ 55. Re3 Rg1 56. Kd4 Rc1 57. Rc3 Rd1+ 58. Ke4 Re1+ 59.
Kd4 Rd1+ 60. Kc4 Kf5 61. c6 Rd8 62. Rf3+ Kxe5 63. Rxf7 g4 64. Kc5 g3 65. Rg7
Kf4 66. Rf7+ Kg4 67. Rg7+ Kf3 68. Rf7+ Ke3 69. Rg7 Kf2 70. Rf7+ Kg2 71. c7 Rc8
72. Kd6 Kg1 73. Kxe6 g2 74. Rg7 Kf1 1/2-1/2

[Event "European Blitz Championship 2021"]
[Site "Katowice"]
[Date "2021.12.17"]
[Round "16.20"]
[White "Czernek, Tymon"]
[Black "Bauer, Thomas"]
[Result "0-1"]
[WhiteElo "2197"]
[BlackElo "2204"]
[Annotator "NA"]
[PlyCount "64"]
[EventDate "2021.12.17"]
[EventType "swiss"]
[EventCountry "POL"]
[SourceTitle "playchess.com"]
[Source "ChessBase"]
[SourceQuality "1"]

1. e4 c5 2. Nf3 d6 3. d4 cxd4 4. Nxd4 Nf6 5. Nc3 g6 6. Be3 Bg7 7. Qd2 O-O 8. f3
Nc6 9. O-O-O d5 10. Nxc6 bxc6 11. Bh6 Qb6 12. Bxg7 Kxg7 13. e5 Nd7 14. Re1 Rb8
15. Nd1 Nc5 16. h4 h5 17. g4 hxg4 18. h5 Rh8 19. Qg5 Qc7 20. fxg4 Ne4 21. Qf4
Rb4 22. h6+ Kf8 23. a3 Rd4 24. h7 g5 25. Qe3 Qxe5 26. Bd3 Bxg4 27. Nf2 Bf5 28.
Bxe4 Bxe4 29. Kb1 f6 30. Ng4 Bxc2+ 31. Kxc2 Qf5+ 32. Kc1 Rc4+ 0-1

[Event "European Blitz Championship 2021"]
[Site "Katowice"]
[Date "2021.12.17"]
[Round "16.21"]
[White "Kozak, Antoni"]
[Black "Donchenko, Alexander"]
[Result "0-1"]
[WhiteElo "2272"]
[BlackElo "2645"]
[Annotator "RC"]
[PlyCount "80"]
[EventDate "2021.12.17"]
[EventType "swiss"]
[EventCountry "POL"]
[SourceTitle "playchess.com"]
[Source "ChessBase"]
[SourceQuality "1"]

1. d4 Nf6 2. Nf3 d5 3. Bf4 c5 4. e3 Nc6 5. Nbd2 Qb6 6. dxc5 Qxb2 7. Rb1 Qc3 8.
Bb5 g6 9. O-O Bg7 10. e4 Nxe4 11. Nxe4 dxe4 12. Ng5 Bf5 13. Be3 Rd8 14. Qe2 h6
15. Nxf7 Kxf7 16. Bc4+ Be6 17. Bxe6+ Kxe6 18. Rb3 Qe5 19. Rxb7 Kf7 20. Qa6 Qe6
21. Rc7 Rc8 22. Rb7 Nd8 23. Qxe6+ Nxe6 24. Rxa7 Nxc5 25. Ra5 Ne6 26. Rc1 Bb2
27. Rb1 Rxc2 28. Ra4 Bf6 29. a3 Ra2 30. h3 h5 31. Rb7 Rd8 32. g4 h4 33. Kg2 Rd3
34. Rxe4 Rdxa3 35. Rb5 Ra4 36. Rxa4 Rxa4 37. g5 Bd4 38. Kf3 Bxe3 39. fxe3 Rc4
40. e4 Nd4+ 0-1

[Event "European Blitz Championship 2021"]
[Site "Katowice"]
[Date "2021.12.17"]
[Round "16.21"]
[White "Masternak, Grzegorz"]
[Black "Kozlowski, Michal"]
[Result "1-0"]
[WhiteElo "2188"]
[BlackElo "2047"]
[Annotator "NA"]
[PlyCount "109"]
[EventDate "2021.12.17"]
[EventType "swiss"]
[EventCountry "POL"]
[SourceTitle "playchess.com"]
[Source "ChessBase"]
[SourceQuality "1"]

1. e4 c5 2. Nc3 d6 3. g3 g6 4. Bg2 Bg7 5. d3 Nc6 6. Be3 e5 7. Qd2 Nge7 8. Bh6
O-O 9. h4 Bxh6 10. Qxh6 Kh8 11. Qd2 f5 12. f4 fxe4 13. dxe4 exf4 14. gxf4 Bg4
15. Nge2 b5 16. O-O-O b4 17. Nd5 Bxe2 18. Qxe2 Nd4 19. Qg4 Nxd5 20. exd5 Rxf4
21. Qh3 Qf6 22. h5 g5 23. h6 Rf8 24. Rd2 Rf2 25. Rxf2 Qxf2 26. Be4 Qe2 27. Bd3
Qe7 28. Qg4 Qf6 29. Qd7 Qf7 30. Qxd6 Qf4+ 31. Qxf4 gxf4 32. Kd2 Rd8 33. Be4 Rd6
34. c3 bxc3+ 35. bxc3 Nb5 36. Rh4 Nc7 37. c4 Na6 38. a3 Nc7 39. Ke2 Kg8 40. Kf3
Rf6 41. Rg4+ Kf8 42. Rg7 Ne8 43. Rxh7 Nd6 44. Rh8+ Kf7 45. h7 Nxe4 46. Rf8+ Ke7
47. h8=Q Ng5+ 48. Kg4 Rxf8 49. Qe5+ Kd8 50. Kxg5 f3 51. Qd6+ Ke8 52. Qc6+ Kf7
53. Qe6+ Kg7 54. Qe5+ Kg8 55. Kg6 1-0

[Event "European Blitz Championship 2021"]
[Site "Katowice"]
[Date "2021.12.17"]
[Round "16.22"]
[White "Mirzoev, Emil"]
[Black "Kukula, Pawel"]
[Result "1-0"]
[WhiteElo "2474"]
[BlackElo "2191"]
[Annotator "ChessBase"]
[PlyCount "140"]
[EventDate "2021.12.17"]
[EventType "swiss"]
[EventCountry "POL"]
[SourceTitle "playchess.com"]
[Source "ChessBase"]
[SourceQuality "1"]

1. c4 e6 2. g3 f5 3. Bg2 Nf6 4. d3 c6 5. Nc3 d5 6. Nf3 Bc5 7. O-O O-O 8. Qc2
Nbd7 9. cxd5 exd5 10. e4 dxe4 11. dxe4 fxe4 12. Ng5 Qe7 13. Ncxe4 Nxe4 14. Nxe4
Bb6 15. Bf4 Ne5 16. Rae1 Bf5 17. Qb3+ Be6 18. Qc3 Nf7 19. Nd2 Qd7 20. Rd1 Bg4
21. Nf3 Qf5 22. Rde1 Rad8 23. Nh4 Qh5 24. h3 Be2 25. Rxe2 Qxe2 26. Nf5 Ne5 27.
Ne7+ Kh8 28. Bxe5 Rf7 29. Bxg7+ Rxg7 30. Nf5 Bd4 31. Nxd4 Qe5 32. Nf3 Qxc3 33.
bxc3 Rd3 34. Rc1 b5 35. Ne5 Rd2 36. Bxc6 a6 37. a3 Re7 38. Nf3 Ra2 39. Rd1 Rxa3
40. Rd8+ Kg7 41. Nd4 Re5 42. Rd7+ Kf6 43. Nf3 Re7 44. Rd4 Rxc3 45. Rf4+ Kg7 46.
Bd5 a5 47. Nd4 Re5 48. Nf5+ Kg6 49. Be4 Rxe4 50. Nh4+ Kg7 51. Rxe4 a4 52. Rb4
a3 53. Nf5+ Kf6 54. Ne3 a2 55. Nd5+ Ke5 56. Nxc3 a1=Q+ 57. Nb1 Qa5 58. Rb2 Qe1+
59. Kg2 b4 60. Nd2 Kd6 61. Kf3 Kc5 62. Rc2+ Kd4 63. Rb2 Kc3 64. Ra2 b3 65. Nxb3
Kxb3 66. Re2 Qh1+ 67. Kg4 Qd1 68. Kf3 Kc3 69. Ke3 Qd3+ 70. Kf4 Qxe2 1-0

[Event "European Blitz Championship 2021"]
[Site "Katowice"]
[Date "2021.12.17"]
[Round "16.22"]
[White "Paszewski, Mateusz"]
[Black "Grzesik, Gracjan"]
[Result "0-1"]
[WhiteElo "2177"]
[BlackElo "2208"]
[Annotator "NA"]
[PlyCount "58"]
[EventDate "2021.12.17"]
[EventType "swiss"]
[EventCountry "POL"]
[SourceTitle "playchess.com"]
[Source "ChessBase"]
[SourceQuality "1"]

1. Nf3 d5 2. e3 Nf6 3. c4 e6 4. Nc3 Be7 5. b3 b6 6. Bb2 Bb7 7. cxd5 exd5 8. d4
O-O 9. Bd3 Nbd7 10. O-O Ne4 11. Ne2 Bd6 12. Ng3 f5 13. Ne5 Qe7 14. Nxd7 Qxd7
15. Rc1 Rae8 16. Rc2 Kh8 17. Qc1 f4 18. exf4 Bxf4 19. Qd1 Bd6 20. Bc1 Rf7 21.
a4 Ref8 22. Be3 Qe7 23. Re1 Qh4 24. Qc1 h6 25. Ree2 Bf4 26. Bxf4 Rxf4 27. Qe3
Qe7 28. f3 Qf6 29. fxe4 Rf1+ 0-1

[Event "European Blitz Championship 2021"]
[Site "Katowice"]
[Date "2021.12.17"]
[Round "16.23"]
[White "Papasimakopoulos, Alexandros"]
[Black "Malik, Maciej"]
[Result "1-0"]
[WhiteElo "2394"]
[BlackElo "1987"]
[Annotator "NA"]
[PlyCount "127"]
[EventDate "2021.12.17"]
[EventType "swiss"]
[EventCountry "POL"]
[SourceTitle "playchess.com"]
[Source "ChessBase"]
[SourceQuality "1"]

1. d4 Nf6 2. c4 g6 3. Nc3 Bg7 4. Bg5 d6 5. e3 c6 6. Nf3 Qa5 7. Qd2 Bg4 8. Bh4
h5 9. h3 Bxf3 10. gxf3 Nbd7 11. a3 Qc7 12. Bg3 Rd8 13. h4 e5 14. Bh3 exd4 15.
exd4 O-O 16. O-O Rfe8 17. c5 Nxc5 18. dxc5 dxc5 19. Qc2 Qa5 20. Rad1 Nd5 21.
Ne4 Qb5 22. Nd6 Re2 23. Rd2 Rxd2 24. Qxd2 Qb3 25. Rb1 Qxf3 26. Nxb7 Re8 27. Bg2
Qb3 28. Nxc5 Qb6 29. Ne4 f5 30. Ng5 Bd4 31. Bxd5+ cxd5 32. Rd1 f4 33. Qxd4 fxg3
34. Qxb6 axb6 35. fxg3 Re2 36. b4 Kg7 37. Rxd5 Kf6 38. Rb5 Ra2 39. Ne4+ Ke6 40.
Rxb6+ Kf5 41. Nf2 Rxa3 42. Rb8 Rxg3+ 43. Kh2 Rb3 44. b5 Kf4 45. b6 Ke5 46. b7
Kd6 47. Rd8+ Kc7 48. b8=Q+ Rxb8 49. Rxb8 Kxb8 50. Kg3 Kc7 51. Kf4 Kd7 52. Kg5
Ke7 53. Nd3 Kf7 54. Nf4 Kg7 55. Nxg6 Kh7 56. Nf4 Kg7 57. Nxh5+ Kh8 58. Nf4 Kh7
59. h5 Kg8 60. h6 Kh7 61. Kh5 Kg8 62. Kg6 Kh8 63. Ne6 Kg8 64. Ng5 1-0

[Event "European Blitz Championship 2021"]
[Site "Katowice"]
[Date "2021.12.17"]
[Round "16.23"]
[White "Dzierzak, Radoslaw"]
[Black "Sliwicka, Alicja"]
[Result "0-1"]
[WhiteElo "2264"]
[BlackElo "2155"]
[Annotator "NA"]
[PlyCount "92"]
[EventDate "2021.12.17"]
[EventType "swiss"]
[EventCountry "POL"]
[SourceTitle "playchess.com"]
[Source "ChessBase"]
[SourceQuality "1"]

1. e4 c5 2. Nf3 d6 3. d4 cxd4 4. Nxd4 Nf6 5. Nc3 Bd7 6. g3 Nc6 7. Bg2 g6 8.
Nde2 Bg7 9. O-O O-O 10. h3 a6 11. Be3 b5 12. Rc1 Rc8 13. Nd5 Nxd5 14. exd5 Ne5
15. b3 f5 16. f4 Nf7 17. Bd4 Bxd4+ 18. Nxd4 Qb6 19. Kh2 Rc3 20. Re1 Re8 21. Qd2
b4 22. Ne2 Re3 23. c4 bxc3 24. Rxc3 Rxc3 25. Qxc3 Rc8 26. Qd2 Qf2 27. Rf1 Qb6
28. Nd4 a5 29. Re1 Kf8 30. Qb2 Qb4 31. Re3 Qc5 32. Qd2 Qc1 33. Qe2 Re8 34. g4
Qc5 35. Ne6+ Bxe6 36. dxe6 Nd8 37. gxf5 Qxf5 38. Qg4 Kg7 39. Qg5 Qc2 40. Kg3
Nc6 41. Bxc6 Qxc6 42. Qg4 Qc1 43. Qf3 Rc8 44. Re2 Rc3 45. Qxc3+ Qxc3+ 46. Kf2
Kf6 0-1

[Event "European Blitz Championship 2021"]
[Site "Katowice"]
[Date "2021.12.17"]
[Round "16.24"]
[White "Janaszak, Dawid"]
[Black "Gdanski, Jacek"]
[Result "0-1"]
[WhiteElo "2328"]
[BlackElo "2367"]
[Annotator "NA"]
[PlyCount "103"]
[EventDate "2021.12.17"]
[EventType "swiss"]
[EventCountry "POL"]
[SourceTitle "playchess.com"]
[Source "ChessBase"]
[SourceQuality "1"]

1. e4 e6 2. d4 d5 3. Bd3 dxe4 4. Bxe4 Nf6 5. Bf3 Nbd7 6. Ne2 e5 7. O-O e4 8.
Ng3 exf3 9. Re1+ Be7 10. Nf5 O-O 11. Nxe7+ Kh8 12. Nxc8 Rxc8 13. Qxf3 c5 14.
dxc5 Nxc5 15. Nc3 Qb6 16. Bg5 Nfd7 17. Be7 Rg8 18. Rab1 f6 19. Bxc5 Qxc5 20.
Qxb7 Ne5 21. Qe4 Qa5 22. a3 Rc4 23. Qb7 Rgc8 24. h3 R4c7 25. Qb4 Qa6 26. Qe4 h6
27. Kh1 Rc4 28. Qf5 Qb7 29. Red1 R4c5 30. Qf4 Rc4 31. Qe3 R4c5 32. Qg3 Nc4 33.
f3 Ne3 34. Qe1 Nxd1 35. Qxd1 Qc6 36. Qe2 Re8 37. Qf2 a5 38. Re1 Rb8 39. Re7
Rxb2 40. Ne4 Rcxc2 41. Qg3 Rxg2 42. Qxg2 Rxg2 43. Kxg2 f5 44. Ng3 Qc5 45. Re8+
Kh7 46. a4 Qc2+ 47. Ne2 Qxa4 48. Re5 Qc2 49. Kf1 a4 50. f4 a3 51. Nd4 Qd3+ 52.
Ne2 0-1

[Event "European Blitz Championship 2021"]
[Site "Katowice"]
[Date "2021.12.17"]
[Round "16.24"]
[White "Bognar, Csaba"]
[Black "Sliwicki, Damian"]
[Result "1-0"]
[WhiteElo "2135"]
[BlackElo "2151"]
[Annotator "NA"]
[PlyCount "131"]
[EventDate "2021.12.17"]
[EventType "swiss"]
[EventCountry "POL"]
[SourceTitle "playchess.com"]
[Source "ChessBase"]
[SourceQuality "1"]

1. d4 d5 2. Nf3 Nf6 3. g3 c5 4. dxc5 Nc6 5. a3 a5 6. c3 e6 7. Nd4 Bxc5 8. Nxc6
bxc6 9. Bg2 e5 10. O-O Be6 11. c4 O-O 12. Nc3 Bd4 13. Na4 Rb8 14. e3 Ba7 15.
Bd2 e4 16. c5 Nd7 17. Rc1 Ne5 18. Rc2 Bg4 19. Qa1 Qf6 20. Bc3 Nf3+ 21. Kh1 Qh6
22. h4 Nxh4 23. gxh4 Rbe8 24. f4 exf3 25. Bxf3 Bb8 26. Bxg4 Qxh4+ 27. Kg1 Rxe3
28. Rg2 Rg3 29. Rff2 Rxg4 30. Rxg4 Qxg4+ 31. Rg2 Bh2+ 32. Kxh2 Qh4+ 33. Kg1 d4
34. Be1 Qe4 35. Qd1 Re8 36. Bf2 d3 37. Qg4 Qe5 38. Bd4 Qe1+ 39. Kh2 g6 40. Qg3
Qe4 41. Qg4 Qxg4 42. Rxg4 d2 43. Rg1 Re1 44. Nc3 f5 45. Bf2 Re5 46. Rd1 g5 47.
Rxd2 f4 48. Rd4 h5 49. Kg2 Kf7 50. Kf3 Kg6 51. Ne4 h4 52. Kg4 h3 53. Rd6+ Kg7
54. Nxg5 h2 55. Rd1 Re2 56. Bd4+ Kg6 57. Nf3 Rg2+ 58. Kxf4 Kh5 59. Rh1 Kg6 60.
Rxh2 Rxh2 61. Nxh2 Kf7 62. Ke5 Ke8 63. Kd6 Kd8 64. Kxc6 Kc8 65. Kb6 a4 66. Kb5
1-0

[Event "European Blitz Championship 2021"]
[Site "Katowice"]
[Date "2021.12.17"]
[Round "16.25"]
[White "Wilk, Krzysztof"]
[Black "Lubczynski, Rafal"]
[Result "1-0"]
[WhiteElo "2206"]
[BlackElo "2361"]
[Annotator "NA"]
[PlyCount "85"]
[EventDate "2021.12.17"]
[EventType "swiss"]
[EventCountry "POL"]
[SourceTitle "playchess.com"]
[Source "ChessBase"]
[SourceQuality "1"]

1. b4 Nf6 2. Bb2 e6 3. a3 c5 4. bxc5 Bxc5 5. e3 Qb6 6. Bxf6 gxf6 7. d4 Be7 8.
Nd2 Qc7 9. Ngf3 b6 10. Bd3 Bb7 11. Be4 Nc6 12. c4 f5 13. Bd3 Na5 14. Qc2 Rc8
15. O-O Rg8 16. Kh1 h5 17. e4 fxe4 18. Bxe4 Bxe4 19. Qxe4 Nxc4 20. Qh7 Rf8 21.
Rfc1 b5 22. Qxh5 d5 23. Nxc4 bxc4 24. Re1 Qd6 25. Ne5 Bf6 26. a4 Qb6 27. Qg4 c3
28. Rac1 c2 29. f4 Be7 30. f5 Ba3 31. fxe6 fxe6 32. Nd3 Kd7 33. Qg7+ Kd6 34.
Qe5+ Kd7 35. Qg7+ Kd6 36. Rxc2 Rce8 37. Rce2 Qc7 38. Qg3+ Kd7 39. Ne5+ Kd8 40.
Qxa3 Rf5 41. h3 Rg8 42. Rc1 Qh7 43. Qd6+ 1-0

[Event "European Blitz Championship 2021"]
[Site "Katowice"]
[Date "2021.12.17"]
[Round "16.25"]
[White "Lewtak, Dominik"]
[Black "Cukrowski, Filip"]
[Result "1-0"]
[WhiteElo "2165"]
[BlackElo "2101"]
[Annotator "NA"]
[PlyCount "43"]
[EventDate "2021.12.17"]
[EventType "swiss"]
[EventCountry "POL"]
[SourceTitle "playchess.com"]
[Source "ChessBase"]
[SourceQuality "1"]

1. d4 d5 2. g3 c6 3. Bg2 g6 4. c4 Bg7 5. Nf3 Nf6 6. Nbd2 O-O 7. O-O Ne4 8. e3
Bg4 9. h3 Nxd2 10. Bxd2 Bxf3 11. Qxf3 dxc4 12. Rfc1 b5 13. a4 Qb6 14. axb5 Qxb5
15. Bc3 Rc8 16. Ra5 Qb7 17. Rc5 Qa6 18. Bf1 Nd7 19. Bxc4 Qa4 20. Qxf7+ Kh8 21.
Ra5 Rf8 22. Qxf8+ 1-0

[Event "European Blitz Championship 2021"]
[Site "Katowice"]
[Date "2021.12.17"]
[Round "16.26"]
[White "Druckenthaner, Andreas"]
[Black "Musial, Tomasz"]
[Result "1/2-1/2"]
[WhiteElo "2346"]
[BlackElo "2111"]
[Annotator "NA"]
[PlyCount "86"]
[EventDate "2021.12.17"]
[EventType "swiss"]
[EventCountry "POL"]
[SourceTitle "playchess.com"]
[Source "ChessBase"]
[SourceQuality "1"]

1. e4 e6 2. Nc3 d5 3. Qe2 d4 4. Nd1 c5 5. f4 Nc6 6. Nf3 Bd6 7. d3 Qc7 8. g3 Bd7
9. Bg2 e5 10. f5 f6 11. g4 h6 12. h4 Nge7 13. Nf2 O-O-O 14. a3 Kb8 15. Nd2 Nc8
16. Nc4 Nb6 17. Nxd6 Qxd6 18. b3 a6 19. Bd2 Na7 20. b4 Nb5 21. bxc5 Qxc5 22.
Bb4 Qc6 23. O-O Rc8 24. Rfc1 Na4 25. Nd1 Nbc3 26. Bxc3 Nxc3 27. Nxc3 Qxc3 28.
Qf2 Ba4 29. g5 hxg5 30. hxg5 Rh5 31. g6 Qb2 32. Rab1 Qa2 33. Qd2 Rxc2 34. Rxc2
Qxc2 35. Qb4 Bb5 36. a4 Rg5 37. Rb2 Rxg2+ 38. Kh1 Rh2+ 39. Kg1 Rg2+ 40. Kh1
Qxb2 41. Qxb2 Rxb2 42. axb5 Rxb5 43. Kg2 a5 1/2-1/2

[Event "European Blitz Championship 2021"]
[Site "Katowice"]
[Date "2021.12.17"]
[Round "16.27"]
[White "Bjerre, Jonas"]
[Black "Ortega Ruiz, Jose Miguel"]
[Result "1-0"]
[WhiteElo "2201"]
[BlackElo "2317"]
[Annotator "NA"]
[PlyCount "73"]
[EventDate "2021.12.17"]
[EventType "swiss"]
[EventCountry "POL"]
[SourceTitle "playchess.com"]
[Source "ChessBase"]
[SourceQuality "1"]

1. d4 Nf6 2. Nf3 g6 3. Nbd2 d5 4. b4 a5 5. b5 a4 6. Ba3 Nbd7 7. e3 Nb6 8. Be2
Bg7 9. O-O O-O 10. Rc1 Re8 11. c4 dxc4 12. Nxc4 Nfd5 13. Nfe5 Be6 14. Qc2 Nxc4
15. Bxc4 Bxe5 16. dxe5 c6 17. bxc6 bxc6 18. Rfd1 Qa5 19. Bf1 Rec8 20. Rd4 c5
21. Rh4 Nb4 22. Qe4 Nxa2 23. Ra1 Qc3 24. Qf4 h5 25. Rxa2 Bxa2 26. g4 Qa1 27.
gxh5 Rc6 28. Qe4 Raa6 29. h6 Kh7 30. Qc2 Bb3 31. Qd2 Qxa3 32. Qd8 g5 33. Qf8
Rg6 34. Bd3 Qc1+ 35. Kg2 Bd5+ 36. Kh3 Qe1 37. Qg7# 1-0

[Event "European Blitz Championship 2021"]
[Site "Katowice"]
[Date "2021.12.17"]
[Round "16.28"]
[White "Janik, Igor"]
[Black "Chojnacki, Slawomir"]
[Result "1-0"]
[WhiteElo "2508"]
[BlackElo "2120"]
[Annotator "ChessBase"]
[PlyCount "69"]
[EventDate "2021.12.17"]
[EventType "swiss"]
[EventCountry "POL"]
[SourceTitle "playchess.com"]
[Source "ChessBase"]
[SourceQuality "1"]

1. e4 c6 2. Nf3 d5 3. d3 dxe4 4. dxe4 Qxd1+ 5. Kxd1 Bg4 6. Be2 Nd7 7. Ne1 Bxe2+
8. Kxe2 e6 9. a4 Ngf6 10. f3 a6 11. a5 Bc5 12. Nd3 Ba7 13. Be3 Bxe3 14. Kxe3
Ke7 15. c4 Rhd8 16. Nc3 Ne8 17. Na4 e5 18. Rhd1 Nc7 19. Nb6 Nxb6 20. axb6 Ne6
21. Nxe5 Rxd1 22. Rxd1 Rd8 23. Rxd8 Nxd8 24. b4 f6 25. Nd3 Ne6 26. c5 Kd7 27.
Nf4 Ng5 28. Ne2 a5 29. f4 Ne6 30. f5 axb4 31. fxe6+ Kxe6 32. Nf4+ Ke7 33. Kd4
g5 34. Nd3 b3 35. Kc3 1-0

[Event "European Blitz Championship 2021"]
[Site "Katowice"]
[Date "2021.12.17"]
[Round "16.28"]
[White "Seemann, Jakub"]
[Black "Grabarczyk, Miroslaw"]
[Result "1/2-1/2"]
[WhiteElo "2296"]
[BlackElo "2279"]
[Annotator "NA"]
[PlyCount "161"]
[EventDate "2021.12.17"]
[EventType "swiss"]
[EventCountry "POL"]
[SourceTitle "playchess.com"]
[Source "ChessBase"]
[SourceQuality "1"]

1. d4 d5 2. c4 e6 3. Nf3 Nf6 4. g3 Bb4+ 5. Bd2 Be7 6. Bg2 O-O 7. O-O c6 8. Qc2
b6 9. Nc3 Bb7 10. e4 dxe4 11. Nxe4 Nbd7 12. Rad1 Nxe4 13. Qxe4 Nf6 14. Qc2 c5
15. dxc5 bxc5 16. Bc3 Qc7 17. Be5 Qb6 18. Rfe1 Rad8 19. Rc1 h6 20. b3 Rd7 21.
Bc3 Rfd8 22. Ne5 Rd6 23. Bxb7 Qxb7 24. Qe2 Rc8 25. Ng4 Nxg4 26. Qxg4 Bf8 27.
Re5 Qd7 28. Rce1 Rd3 29. Ba1 Rd8 30. Kg2 Qc6+ 31. Qe4 Qxe4+ 32. R5xe4 Rd2 33.
R4e2 Be7 34. Bc3 R2d3 35. Bb2 Bf6 36. Bxf6 gxf6 37. Rb1 Rd2 38. Kf1 Rd1+ 39.
Rxd1 Rxd1+ 40. Re1 Rd2 41. Re2 Rd1+ 42. Kg2 a5 43. Rc2 Kf8 44. Kf3 Ke7 45. Ke2
Rh1 46. h4 Ra1 47. Kd3 f5 48. Kc3 Rb1 49. Rd2 f6 50. a3 Re1 51. b4 axb4+ 52.
axb4 Rc1+ 53. Kd3 cxb4 54. Rb2 Rc3+ 55. Kd4 Rf3 56. Rxb4 Rxf2 57. Rb7+ Kd6 58.
Rb6+ Kd7 59. Kc5 f4 60. gxf4 Rxf4 61. Rb7+ Ke8 62. h5 f5 63. Rc7 Rh4 64. Kd6 f4
65. Kxe6 Kd8 66. Rd7+ Kc8 67. Rd5 f3 68. Rf5 f2 69. Kd6 Rd4+ 70. Kc5 Rd2 71.
Kc6 Kd8 72. c5 Ke7 73. Kc7 Ke6 74. Rf3 Ke5 75. c6 Ke4 76. Rf8 Ke3 77. Kb8 Rb2+
78. Ka7 Ra2+ 79. Kb7 Rb2+ 80. Ka7 Ra2+ 81. Kb7 1/2-1/2